LEADER 01152nam a2200265 i 4500 001 000000245658 003 CaOOAMICUS 005 20151012000000.0 008 151012s1993 it u000 u ita u 013 $a224563 020 $a88-270-0199-9 040 $aSeMil$bita 100 1 $aBigi, Vincenzo Cherubino,$d<1921-2003>.$0(OLS)http://semarc/name/82561 245 13$aIl Cantico delle creature di Francesco d'Assisi /$cVincenzo Cherubino Bigi. 260 $aAssisi :$bPorziuncola,$cstampa 2002. 300 $aVIII, 103 p. ;$c21 cm. 490 0 $aQuaderni di Pace e bene ;$v3 650 4$aFrancesco : d'Assisi . Cantico delle creature.$0(OLS)http://semarc/subject/29189 830 0$aQuaderni di Pace e bene ;$v3.$0(OLS)http://semarc/title/44224 850 $aSeMil 852 $aSeMil$W1$xVenegono$y1$m1O II 202$j196004$B196004$CSeMilBibl$Z2$F207501 $81 961 $aOmaggio: Altro 996 $6020$a88-270-0199-9$9(OLS)http://semarc/number/254292 996 $6245$aIl Cantico delle creature di Francesco d'Assisi$9(OLS)http://semarc/title/347268 996 $6260$aAssisi :$bPorziuncola$9(OLS)http://semarc/publisher/32078 LEADER 01001nam a2200241 i 4500 001 000000194590 003 CaOOAMICUS 005 20150225000000.0 008 150225n it u000 u ita u 013 $a173249 040 $aSeMil$bita 100 1 $aPerrini, Nicola.$0(OLS)http://semarc/name/70691 245 13$aLa mia tesi di laurea :$bspiriti e forme nella poesia di Giacomo Zanella /$cNicola Perrini. 260 $aBitonto :$bPalladino,$c[196-?] 300 $a228 p. :$bill. ;$c24 cm. 500 $aFondo card. Giovanni Colombo. 600 14$aZanella, Giacomo ,$c.$0(OLS)http://semarc/subject/13589 850 $aSeMil 852 $aSeMil$W1$xVenegono$y1$m3GC VII 138$j145161$B145161$CSeMilBibl$Z2$F156680 $8B 941 1 $a3 961 $aLascito: Colombo Card. Giovanni 996 $6245$aLa mia tesi di laurea :$bspiriti e forme nella poesia di Giacomo Zanella$9(OLS)http://semarc/title/280591 996 $6260$aBitonto :$bPalladino$9(OLS)http://semarc/publisher/50637